000 01038nam a2200217Ia 4500
003 Ost
005 20260507075406.0
008 260507s9999||||xx |||||||||||||| ||und||
040 _cfsecg
041 _aara
082 _a330
100 _aسالم، زينب جابر
_eمؤلف
245 0 _aإتفاقية المشاركة المصرية الأوربية بين النظرية و التطبيق /
_c زينب جابر سالم
260 _aالإسكندرية:
_bدار الوفاء لدنيا,
_c2007
300 _a319 صفحة؛
_bإيضاحات ؛
_c29 سم
520 _aيضم تعريف بالإتفاقية ونبذة تاريخية عنها، أهداف الإتفاقية، السلع الصناعية، السلع الزراعية ، السلع الزراعية المصنعة والسميكة قواعد المنشأ، مزايا الإتفاقية
653 _aاتفاقيات
653 _aالإتفاقيات التجارية
653 _aمصر- الإتفاقيات التجارية
942 _cكتاب
999 _c44304
_d44304